| 000 | 00446nam a2200205Ia 4500 | ||
|---|---|---|---|
| 001 | 17511 | ||
| 003 | GE_BSU | ||
| 008 | 181216s||||||||xx |||||||||||||| ||und|| | ||
| 020 | _a0582846625 | ||
| 040 | _cGE_BSU | ||
| 080 | _a811.111+339.1 | ||
| 100 | _aRobbins, Sue | ||
| 245 | _aFirst. Insights into business | ||
| 260 | _c2005 | ||
| 300 | _a174p. | ||
| 541 | _h7 Gel. | ||
| 653 | _aFirst | ||
| 653 | _aInsights into business | ||
| 942 | _cBK | ||
| 999 |
_c50561 _d50561 |
||